PROBLEMS AND MATERIALS ON CONSUMER LAW (Record no. 216302)

MARC details
000 -LEADER
fixed length control field 00506nam a22001697a 4500
008 - FIXED-LENGTH DATA ELEMENTS--GENERAL INFORMATION
fixed length control field 251127b |||||||| |||| 00| 0 eng d
020 ## - INTERNATIONAL STANDARD BOOK NUMBER
International Standard Book Number 978-1-4548-3683-4
100 ## - MAIN ENTRY--PERSONAL NAME
Personal name WHALEY, DOUGLAS J.
245 ## - TITLE STATEMENT
Title PROBLEMS AND MATERIALS ON CONSUMER LAW
250 ## - EDITION STATEMENT
Edition statement 7TH ED
260 ## - PUBLICATION, DISTRIBUTION, ETC.
Place of publication, distribution, etc. NEWYORK
Name of publisher, distributor, etc. WOLTERS KLUWER AND BUSINESS
Date of publication, distribution, etc. 2013
300 ## - PHYSICAL DESCRIPTION
Extent XXVIII, 784P
500 ## - GENERAL NOTE
General note INCLUDES INDEX
650 ## - SUBJECT ADDED ENTRY
Topical term or geographic name entry element 1. CONSUMER PROTECTION - LAW AND LEGISLATION - UNITED STATES
942 ## - ADDED ENTRY ELEMENTS (KOHA)
Source of classification or shelving scheme Library of Congress Classification
Koha item type Long Loan Book
Holdings
Withdrawn status Lost status Source of classification or shelving scheme Damaged status Not for loan Collection Home library Current library Shelving location Date acquired Inventory number Total checkouts Full call number Barcode Date last seen Copy number Price effective from Koha item type
    Library of Congress Classification     Law Kisii University Library Kisii University Library On Display 11/27/2025 110198   KF 1609 .W493 2013 000000019076 11/27/2025 C.4 11/27/2025 Long Loan Book
    Library of Congress Classification     Law Kisii University Library Kisii University Library On Display 11/27/2025 110196   KF 1609 .W493 2013 000000019078 11/27/2025 C.2 11/27/2025 Long Loan Book
    Library of Congress Classification     Law Kisii University Library Kisii University Library On Display 11/27/2025 110197   KF 1609 .W493 2013 000000019077 11/27/2025 C.3 11/27/2025 Long Loan Book
    Library of Congress Classification     Law Kisii University Library Kisii University Library On Display 11/27/2025 110195   KF 1609 .W493 2013 000000020073 11/27/2025 C.1 11/27/2025 Long Loan Book